|
|
|
|
| LEADER |
00000cam a2200000 a 4500 |
| 001 |
vtls008360877 |
| 003 |
SK-MaSNL |
| 005 |
20260301135949.0 |
| 008 |
230403s1960 xo ol f p 000 0 slo |
| 015 |
|
|
|a SNBA1960/12-01954
|
| 035 |
|
|
|a SK01SNK19600053094
|
| 035 |
|
|
|a urn:nbn:sk:snk-am3ira0
|
| 035 |
|
|
|a D3A56045-3FEC-46B0-A69C-8A63460EFA11
|
| 035 |
|
|
|a urn:nbn:sk:snk-am00fev8
|
| 035 |
|
|
|a SKM000055557
|
| 040 |
|
|
|a SNK
|b slo
|c SNK
|e AACR2
|
| 041 |
0 |
|
|a slo
|
| 044 |
|
|
|a xo
|c SK
|
| 072 |
|
7 |
|a 339.3
|x Vnútorný obchod
|2 konspekt
|
| 072 |
|
7 |
|a 37.016
|x Učebné osnovy. Vyučovacie predmety. Učebnice
|2 konspekt
|
| 080 |
|
|
|a 65(075.3)
|2 1981
|
| 080 |
|
|
|a 339.3
|2 2001
|
| 080 |
|
|
|a 642.63
|2 2001
|
| 080 |
|
|
|a (075.3)
|2 2001
|
| 100 |
1 |
|
|a Podberský, Jozef,
|d 1919-
|4 aut
|9 349200
|
| 245 |
1 |
0 |
|a Obchodná náuka pre 2. ročník učňovských škôl, učebné odbory predavačské a učebný odbor čašník
|c Jozef Podberský, Štefan Gergely
|
| 250 |
|
|
|a 1. vyd.
|
| 260 |
|
|
|a Bratislava
|b Slovenské pedagogické nakladateľstvo
|c 1960
|
| 300 |
|
|
|a 201 strán
|b fotografie, schémy, tabuľky
|c 21 cm
|
| 366 |
|
|
|e 4700 kusov
|
| 500 |
|
|
|a Obsahuje vzory tlačív a schému riadenia obchodu národnými výbormi
|
| 650 |
0 |
7 |
|a vnútorný obchod
|2 SNKPH
|9 2197
|
| 650 |
0 |
7 |
|a predaj
|2 SNKPH
|9 13334
|
| 650 |
0 |
7 |
|a čašníctvo
|2 SNKPH
|9 67384
|
| 655 |
|
7 |
|a učebnice učňovských škôl
|2 SNKPH
|9 166734
|
| 700 |
1 |
|
|a Gergely, Štefan
|4 aut
|9 349201
|
| 852 |
|
|
|a Slovenská národná knižnica
|
| 954 |
|
|
|a odborná, vedecká literatúra pôvodná (slovenská)
|2 lita
|
| 958 |
|
|
|a RK
|
| 958 |
|
|
|a TL
|
| 958 |
|
|
|a OND
|
| 958 |
|
|
|a EUIPO
|
| 999 |
|
|
|c 762007
|d 763937
|
| 952 |
|
|
|a SNK
|b SNK
|y PREZ
|7 0
|p 17A0846421
|o snkSC 14771
|i snkKSP 3659/60
|0 0
|1 0
|4 0
|d 2020-06-11
|f 1
|l 0
|r 2025-07-16 00:00:00
|w 2026-02-24
|